Government policy, captive market and dynamic growth of rubber smallholdings in India: A review (Record no. 52427)

MARC details
000 -LEADER
fixed length control field 00529nam a2200133Ia 4500
100 ## - MAIN ENTRY--AUTHOR NAME
Personal name George K.T.
245 #0 - TITLE STATEMENT
Title Government policy, captive market and dynamic growth of rubber smallholdings in India: A review
260 ## - PUBLICATION, DISTRIBUTION, ETC. (IMPRINT)
Name of publisher Department of Economics, Research School of Pacific and Asian Studies, Australian National University, 13 February 1996, Canberra, Australia
Year of publication 1996
650 ## - SUBJECT ADDED ENTRY--TOPICAL TERM
Topical Term Marketing
650 ## - SUBJECT ADDED ENTRY--TOPICAL TERM
Topical Term Rubber plantation industry
650 ## - SUBJECT ADDED ENTRY--TOPICAL TERM
Topical Term Smallholdings
942 ## - ADDED ENTRY ELEMENTS (KOHA)
Koha item type Bibliography STAF
Holdings
Withdrawn status Lost status Damaged status Not for loan Home library Current library Date acquired Koha item type
      Bibliography RRII Library RRII Library 09/04/2014 Bibliography STAF